The noble scholar, jurist, historian


 His Excellency Dr. Abdul Wahhab bin Ibrahim Abu Sulaiman, may Allah have mercy on him.


 He was born in Umm Al-Qura in the year 1356 AH.

كتاب حسن المناقب السرية المنتزعة من السيرة الظاهرية / (Record no. 11983)

MARC details
000 -LEADER
fixed length control field 01965cam a22003491i 4500
003 - CONTROL NUMBER IDENTIFIER
control field SA-RiAUC
005 - DATE AND TIME OF LATEST TRANSACTION
control field 20250922070132.0
008 - FIXED-LENGTH DATA ELEMENTS--GENERAL INFORMATION
fixed length control field 250919s1976 su g b 00110bara c
040 ## - CATALOGING SOURCE
Original cataloging agency SA-RiAUC
Language of cataloging ara
Transcribing agency SA-RiAUC
Description conventions rda
082 04 - DEWEY DECIMAL CLASSIFICATION NUMBER
Classification number 923.1
090 ## - LOCALLY ASSIGNED LC-TYPE CALL NUMBER (OCLC); LOCAL CALL NUMBER (RLIN)
Classification number (OCLC) (R) ; Classification number, CALL (RLIN) (NR) 923.1
Local cutter number (OCLC) ; Book number/undivided call number, CALL (RLIN) ش ا ف
100 0# - MAIN ENTRY--PERSONAL NAME
Personal name شافع بن علي بن عباس الكناني،
Dates associated with a name 649-730 هجري
Relator term مؤلف.
245 10 - TITLE STATEMENT
Title كتاب حسن المناقب السرية المنتزعة من السيرة الظاهرية /
Statement of responsibility, etc. تأليف شافع بن علي بن عباس الكاتب ؛ تحقيق ونشر عبد العزيز بن عبد الله الخويطر.
246 30 - VARYING FORM OF TITLE
Title proper/short title حسن المناقب السرية المنتزعة من السيرة الظاهرية
250 ## - EDITION STATEMENT
Edition statement الطبعة الأولى.
264 #1 - PRODUCTION, PUBLICATION, DISTRIBUTION, MANUFACTURE, AND COPYRIGHT NOTICE
Place of production, publication, distribution, manufacture الرياض :
Name of producer, publisher, distributor, manufacturer عبد العزيز بن عبد الله الخويطر،
Date of production, publication, distribution, manufacture, or copyright notice 1976.
300 ## - PHYSICAL DESCRIPTION
Extent 190 صفحة ؛
Dimensions 27 سم
336 ## - CONTENT TYPE
Content type term نص
Content type code txt
Source rdacontent
Materials specified كتاب
337 ## - MEDIA TYPE
Media type term بدون وسيط
Media type code n
Source rdamedia
338 ## - CARRIER TYPE
Carrier type term مجلد
Carrier type code nc
Source rdacarrier
500 ## - GENERAL NOTE
General note الكتاب قائم على كتاب الروض الظاهر في سيرة الملك الظاهر / عبد الله بن عبد الظاهر.
500 ## - GENERAL NOTE
General note يشتمل على كشافات.
504 ## - BIBLIOGRAPHY, ETC. NOTE
Bibliography, etc. note ببليوجرافية : صفحة 180-190.
600 07 - SUBJECT ADDED ENTRY--PERSONAL NAME
Personal name الظاهر بيبرس،
Dates associated with a name 625-676 هجري
Source of heading or term aucnm
650 #7 - SUBJECT ADDED ENTRY--TOPICAL TERM
Topical term or geographic name entry element المماليك
Form subdivision تراجم
Source of heading or term aucsh
651 #7 - SUBJECT ADDED ENTRY--GEOGRAPHIC NAME
Geographic name مصر
General subdivision تاريخ
Chronological subdivision العصر المملوكي، 1250-1517.
Source of heading or term aucsh
700 1# - ADDED ENTRY--PERSONAL NAME
Personal name الخويطر، عبد العزيز بن عبد الله بن علي،
Dates associated with a name 1344-1435 هجري
Relator term محقق.
700 12 - ADDED ENTRY--PERSONAL NAME
Personal name ابن عبد الظاهر، عبد الله بن عبد الظاهر بن نشوان،
Dates associated with a name 620-692 هجري
Title of a work الروض الزاهر في سيرة الملك الظاهر.
740 22 - ADDED ENTRY--UNCONTROLLED RELATED/ANALYTICAL TITLE
Uncontrolled related/analytical title الروض الزاهر في سيرة الملك الظاهر.
942 ## - ADDED ENTRY ELEMENTS (KOHA)
Source of classification or shelving scheme Dewey Decimal Classification
Koha item type Books
Suppress in OPAC No
949 ## - LOCAL PROCESSING INFORMATION (OCLC)
a SA-JeALM
d 250919
u mohamedma123
n 1
Holdings
Withdrawn status Lost status Source of classification or shelving scheme Damaged status Not for loan Home library Current library Date acquired Total checkouts Full call number Barcode Date last seen Price effective from Koha item type
    Dewey Decimal Classification     DR AbdElwahab Library DR AbdElwahab Library 09/22/2025   923.1 ش ا ف 000019293 09/22/2025 09/22/2025 Books